Potom /
Uloženo v:
| Hlavní autor: | |
|---|---|
| Další autoři: | , , |
| Médium: | Audiokniha |
| Jazyk: | Czech |
| Vydáno: |
[Praha] :
Tympanum, s.r.o.,
2025
|
| Témata: | |
| Celkem bylo vypůjčeno: | 0x |
| Tagy: |
Žádné tagy |
| LEADER | 02721nim a2200709 i 4500 | ||
|---|---|---|---|
| 001 | 106420 | ||
| 003 | CZ PrNK | ||
| 005 | 20260602073018.0 | ||
| 007 | sd fungnnmmned | ||
| 008 | 250915t20252025xr nnnnj f n cze | ||
| 024 | 3 | |a 8595693411681 | |
| 040 | |a ABA001 |b cze |e rda | ||
| 041 | 1 | |d cze |h eng | |
| 072 | 7 | |a 821.111-3 |x Anglická próza, anglicky psaná |2 Konspekt |9 25 | |
| 072 | 7 | |a 821-93 |x Literatura pro děti a mládež (beletrie) |2 Konspekt |9 26 | |
| 080 | |a 821.111(94)-31 |2 MRF | ||
| 080 | |a (=411.16)-053.2 |2 MRF | ||
| 080 | |a 355.01-053.2 |2 MRF | ||
| 080 | |a 323.12"1939/1945" |2 MRF | ||
| 080 | |a (438) |2 MRF | ||
| 080 | |a (0:82-31) |2 MRF | ||
| 080 | |a (086.7.053.2) |2 MRF | ||
| 080 | |a (086.7)08 |2 MRF | ||
| 080 | |a (086.76) |2 MRF | ||
| 100 | 1 | |a Gleitzman, Morris, |d 1953- |7 jn20000601873 |4 aut |9 14252 | |
| 240 | 1 | 0 | |a Then. |l Česky |
| 245 | 1 | 0 | |a Potom / |c Morris Gleitzman ; překlad Barbora Punge Puchalská |
| 264 | 1 | |a [Praha] : |b Tympanum, s.r.o., |c 2025 | |
| 264 | 4 | |c ℗2025 | |
| 300 | |a 1 audiodisk (4 hod., 20 min.) ; |c 12 cm | ||
| 336 | |a mluvené slovo |b spw |2 rdacontent | ||
| 337 | |a audio |b s |2 rdamedia | ||
| 338 | |a audiodisk |b sd |2 rdacarrier | ||
| 344 | |a digital | ||
| 500 | |a Název z disku | ||
| 500 | |a Podle stejnojmenné knihy vydané nakladatelstvím Argo v roce 2017 | ||
| 500 | |a Nezkrácená verze na 1 mp3 CD | ||
| 508 | |a Režie, Pavel Štěpánek | ||
| 511 | 0 | |a Čte Jakub Nemčok | |
| 648 | 7 | |a 1942 |7 ch967356 |2 czenas |9 53223 | |
| 648 | 7 | |a 1939-1945 |7 ch460653 |2 czenas |9 52982 | |
| 650 | 0 | 7 | |a židovské děti |7 ph127997 |y 1939-1945 |z Polsko |2 czenas |
| 650 | 0 | 7 | |a děti a válka |7 ph194679 |y 1939-1945 |z Polsko |2 czenas |
| 650 | 0 | 7 | |a holocaust (1939-1945) |7 ph117203 |2 czenas |9 1361 |
| 650 | 0 | 9 | |a Jewish children |y 1939-1945 |z Poland |2 eczenas |
| 650 | 0 | 9 | |a children and war |y 1939-1945 |z Poland |2 eczenas |
| 650 | 0 | 9 | |a holocaust (1939-1945) |2 eczenas |
| 655 | 7 | |a australské romány |7 fd131842 |2 czenas |9 53446 | |
| 655 | 7 | |a zvukové záznamy pro děti a mládež |7 fd186726 |2 czenas |9 408 | |
| 655 | 7 | |a audioknihy |7 fd119452 |2 czenas |9 53385 | |
| 655 | 7 | |a kompaktní disky |7 fd201991 |2 czenas |9 54543 | |
| 655 | 9 | |a Australian fiction |2 eczenas | |
| 655 | 9 | |a juvenile sound recordings |2 eczenas | |
| 655 | 9 | |a audiobooks |2 eczenas | |
| 655 | 9 | |a compact discs |2 eczenas | |
| 700 | 1 | |a Punge Puchalská, Barbora, |d 1973- |7 jn20001103362 |4 trl |9 107796 | |
| 700 | 1 | |a Štěpánek, Pavel |7 jo20251278220 |4 drt |9 117390 | |
| 700 | 1 | |a Němčok, Jakub, |d 1998- |7 pna20221157399 |4 nrt |9 117391 | |
| 910 | |a UOG502 | ||
| 942 | |2 ddc |c AK | ||
| 999 | |d 106420 | ||
| 993 | |0 0 |1 421180107134 |2 ddc |4 0 |7 0 |9 99841 |b 0 |c 107134 |d 2026-06-02 |e 0 |f DOSP |h 349.00 |i Koupě |l DOSP |r 2026-06-02 |t 6 |w 2026-06-02 |y AK |z AUDIO |n | ||